Państwa, w których znajdują się sklepy Apple - Statystyki

Ogólne statystyki
  • Ten quiz został rozwiązany 576 razy
  • Średni wynik to 11 z 15
Statystyki odpowiedzi
# Państwo % Poprawnych
257 Stany Zjednoczone
97%
13 Niemcy
92%
17 Francja
88%
37 Wielka Brytania
84%
11 Hiszpania
82%
15 Chiny
81%
29 Kanada
79%
8 Japonia
77%
14 Włochy
73%
1 Brazylia
65%
3 Szwecja
64%
21 Australia
58%
3 Holandia
56%
4 Szwajcaria
50%
1 Turcja
47%
Nie znaleziono quizów pasujących do podanych kryteriów
Rozkład punktacji
Procent ludzi z każdym wynikiem
Percentyl według liczby udzielonych odpowiedzi
Twoja historia wyników
Nie rozwiązałeś tego quizu